[Event "Mecklenburg VP-ch HT"]
[Site "Nakenstorf"]
[Date "1999.04.03"]
[Round "8.16"]
[White "Schmedemann, Andre"]
[Black "Priess, Wolfgang"]
[Result "0-1"]
[WhiteElo "1254"]
[BlackElo "1294"]
[PlyCount "90"]
[EventDate "1999.03.31"]
[EventType "swiss"]
[EventRounds "9"]
[EventCountry "GER"]
[SourceTitle "EXT 2022"]
[Source "ChessBase"]
[SourceDate "2021.10.06"]
[SourceVersion "1"]
[SourceVersionDate "2021.10.06"]
[SourceQuality "1"]

1. e4 e5 2. Nf3 Nc6 3. Bc4 Bc5 4. c3 Nf6 5. d4 exd4 6. cxd4 Bb4+ 7. Bd2 Bxd2+ 8. Nbxd2 d5 9. exd5 Nxd5 10. 0-0 0-0 11. Qb3 Nb6 12. Qd3 Nxc4 13. Nxc4 Qd5 14. Ne3 Qd6 15. h3 h6 16. Rfc1 Nb4 17. Qc3 c6 18. Qa3 Rd8 19. Rc4 Nd5 20. Qxd6 Rxd6 21. Rac1 Be6 22. Nxd5 Bxd5 23. Rb4 Bxf3 24. gxf3 Rd7 25. Re1 Kf8 26. Kf1 Rc8 27. Rc4 Rcd8 28. Rd1 Rd5 29. b4 a6 30. a4 R8d6 31. a5 Re6 32. Rc5 Ke7 33. Rxd5 cxd5 34. Rc1 Rc6 35. Rxc6 bxc6 36. Kg2 Kf6 37. f4 Kf5 38. Kf3 f6 39. h4 h5 40. Ke3 Kg4 41. f3+ Kg3 42. f5 Kxh4 43. Kf4 Kh3 44. Ke3 Kg3 45. Ke2 Kg2 0-1

[Event "Mecklenburg VP-ch HT"]
[Site "Nakenstorf"]
[Date "1999.03.31"]
[Round "2.16"]
[White "Hinkelmann, Dieter"]
[Black "Schmedemann, Andre"]
[Result "0-1"]
[WhiteElo "1552"]
[BlackElo "1254"]
[PlyCount "56"]
[EventDate "1999.03.31"]
[EventType "swiss"]
[EventRounds "9"]
[EventCountry "GER"]
[SourceTitle "EXT 2022"]
[Source "ChessBase"]
[SourceDate "2021.10.06"]
[SourceVersion "1"]
[SourceVersionDate "2021.10.06"]
[SourceQuality "1"]

1. e4 e5 2. Nf3 Nc6 3. Bb5 a6 4. Ba4 Nf6 5. 0-0 b5 6. Bb3 Be7 7. Re1 0-0 8. c3 Bb7 9. d4 d6 10. Nbd2 Re8 11. d5 Nb8 12. Nf1 c6 13. Ng3 cxd5 14. exd5 Nbd7 15. a3 Nb6 16. Nf5 Bxd5 17. Nxe7+ Qxe7 18. Bg5 Bxb3 19. Qxb3 Qe6 20. Qc2 h6 21. Bh4 Rac8 22. Rad1 Nfd5 23. Nd4 Qg4 24. Nf5 Qg6 25. Qe4 Rc4 26. Rd4 Rec8 27. Rxc4 Rxc4 28. Qc2 Rxh4 0-1